000 00622cam a2200193 a 4500
020 _a0333391616
020 _a0333391624 (pbk.)
082 _a624.183410285
_bHUL
_cL-19 P-77
100 1 _aHulse, R.
_943258
245 1 0 _aReinforced concrete design by computer /
_cR. Hulse, W.H. Mosley.
260 _aBasingstoke, Hamps. :
_bMacmillam,
_c1986.
300 _axii, 288 p. :
_bill. ;
_c25 cm.
500 _aIncludes index.
526 _a0
_b0
_c0
_d624_183410285000000_HUL
650 0 _aMCE
_9379
650 0 _aReinforced concrete construction
_xData processing.
_943259
700 1 _aMosley, W. H.
_927447
942 _2ddc
_cBK
999 _c547070
_d547070